00313nam a2200133Ia 45000030006000000080041000060400015000471000018000622450022000802600042001023000006001445460012001500050017001620STCL150530s9999 xx 000 0 und d aSTCLcSTCL aGussow Milton aBasic Electricity bTata Macgraw hill; Delhic2005aDelhi a0 aEnglish20220125170525.0